Statistics for Foreign Languages Spoken By Presidents

Click here to take the quiz!

General Stats

  • This quiz has been taken 448 times
  • The average score is 32 of 37

Answer Stats

PresidentAnswer% Correct
F. Roosevelt | Jefferson | John Adams | +3 othersFrench
100%
JeffersonSpanish
99%
F. Roosevelt | Q. Adams | T. Roosevelt | WilsonGerman
99%
Q. Adams | Van BurenDutch
93%
JeffersonItalian
92%
HooverMandarin
82%
Arthur | Buchanan | Garfield | +6 othersGreek
81%
Arthur | Buchanan | Garfield | +9 othersLatin
79%
MadisonHebrew
48%

Score Distribution

Percentile by Number Answered

Percent of People with Each Score

Your Score History

You have not taken this quiz